000
00183 a2200097 4500
020
_a
9780307948342
041
_a
eng
100
_a
Jacob Tomsky
245
_a
Heads in Beds
942
_c
BK
999
_c
27700
_d
27700